MARC

LEADER 00000nam0a2200000 4500
001 38336
005 20231031005527.0
010 |a 5858710204 
035 |a (RuTPU)RU\TPU\book\39045 
090 |a 38336 
100 |a 20020301d1994 m y0rusy50 ca 
101 0 |a rus 
102 |a RU 
105 |a a z 000zy 
200 1 |a Позвоночник - ключ к здоровью  |f П. С. Брэгг, С. П. Махешварананда, Р. Нордемар, В. Преображенский 
210 |a СПб.  |c Лейла  |d 1994 
215 |a 237 с.  |c ил. 
610 1 |a медицина 
610 1 |a позвоночник 
610 1 |a здоровье 
610 1 |a йога 
610 1 |a заболевания 
610 1 |a поясница 
610 1 |a остеохондроз 
610 1 |a лечение 
610 1 |a предупреждение 
675 |a 613.4  |v 3 
701 1 |a Брэгг  |b П. С. 
701 1 |a Махешварананда  |b С. П. 
701 1 |a Нордемар  |b Р. 
701 1 |a Преображенский  |b В. 
801 1 |a RU  |b 63413507  |c 20020301  |g PSBO 
801 2 |a RU  |b 63413507  |c 20061129  |g PSBO 
942 |c BK